<?xml version="1.0" encoding="UTF-8"?>
<record
    xmlns:xsi="http://www.w3.org/2001/XMLSchema-instance"
    xsi:schemaLocation="http://www.loc.gov/MARC21/slim http://www.loc.gov/standards/marcxml/schema/MARC21slim.xsd"
    xmlns="http://www.loc.gov/MARC21/slim">

  <leader>00599nam a22001697a 4500</leader>
  <datafield tag="082" ind1=" " ind2=" ">
    <subfield code="a">891.4391 </subfield>
    <subfield code="b">AKH</subfield>
  </datafield>
  <datafield tag="100" ind1=" " ind2=" ">
    <subfield code="a">Jaan Nisar Akhtar</subfield>
  </datafield>
  <datafield tag="245" ind1=" " ind2=" ">
    <subfield code="a">Kulliyat-e-Jaan Nisar Akhtar /</subfield>
  </datafield>
  <datafield tag="260" ind1=" " ind2=" ">
    <subfield code="a">Lahore:</subfield>
    <subfield code="b">Al Hamd Publications,</subfield>
    <subfield code="c">2020.</subfield>
  </datafield>
  <datafield tag="300" ind1=" " ind2=" ">
    <subfield code="a">461 p.</subfield>
    <subfield code="c">22cm,</subfield>
  </datafield>
  <datafield tag="563" ind1=" " ind2=" ">
    <subfield code="a">HB.</subfield>
  </datafield>
  <datafield tag="650" ind1=" " ind2=" ">
    <subfield code="a">Poetry - Urdu Literature.</subfield>
    <subfield code="9">129745</subfield>
  </datafield>
  <datafield tag="880" ind1=" " ind2=" ">
    <subfield code="6">100-01\(3\r</subfield>
    <subfield code="a">&#x633;&#x6CC;&#x62F; &#x62C;&#x627;&#x646; &#x646;&#x62B;&#x627;&#x631; &#x62D;&#x633;&#x6CC;&#x646; &#x631;&#x636;&#x648;&#x6CC; (&#x62A;&#x62E;&#x644;&#x635;: &#x627;&#x62E;&#x62A;&#x631;&#x614;)&#x60C;</subfield>
  </datafield>
  <datafield tag="880" ind1=" " ind2=" ">
    <subfield code="6">245-02\(03\r</subfield>
    <subfield code="a">/&#x6A9;&#x644;&#x6CC;&#x627;&#x62A;&#x650; &#x62C;&#x627;&#x646; &#x646;&#x62B;&#x627;&#x631; &#x627;&#x62E;&#x62A;&#x631;</subfield>
  </datafield>
  <datafield tag="880" ind1=" " ind2=" ">
    <subfield code="6">260-03\(03\r</subfield>
    <subfield code="a">&#x627;&#x644;&#x62D;&#x645;&#x62F; &#x67E;&#x628;&#x644;&#x6CC; &#x6A9;&#x6CC;&#x634;&#x646;&#x632;&#x60C; &#x644;&#x627;&#x6C1;&#x648;&#x631;</subfield>
    <subfield code="c">2020</subfield>
  </datafield>
  <datafield tag="942" ind1=" " ind2=" ">
    <subfield code="2">ddc</subfield>
    <subfield code="c">BK</subfield>
  </datafield>
  <datafield tag="999" ind1=" " ind2=" ">
    <subfield code="c">614294</subfield>
    <subfield code="d">614294</subfield>
  </datafield>
  <datafield tag="952" ind1=" " ind2=" ">
    <subfield code="0">0</subfield>
    <subfield code="1">0</subfield>
    <subfield code="2">ddc</subfield>
    <subfield code="4">0</subfield>
    <subfield code="6">891_439100000000000_AKH</subfield>
    <subfield code="7">0</subfield>
    <subfield code="9">641553</subfield>
    <subfield code="a">CL</subfield>
    <subfield code="b">CL</subfield>
    <subfield code="c">LIT</subfield>
    <subfield code="d">2025-07-12</subfield>
    <subfield code="l">0</subfield>
    <subfield code="o">891.4391  AKH</subfield>
    <subfield code="p">CL-D-2911</subfield>
    <subfield code="r">2025-07-12</subfield>
    <subfield code="w">2025-07-12</subfield>
    <subfield code="y">BK</subfield>
  </datafield>
</record>
